00398nam a2200145 a 450000500170000000800410001705000170005810000220007524500840009725000130018126000100019470000210020494200080022599900190023320141022141957.0120301s19uu xx 00 eng d aCDbSw7 2009 aSwakoski, Earl W. aAlgebra and trigonometry with analytic geometry /cEarl Swokoski, Jeffrey Cole. a10th ed. c2009. aCole, Jeffrey A. cAVM c276063d276063